000 00495ntaaa2200193 4500
003 01
005 20251027202550.0
008 0714s1973 ag 01
040 _aAR-BaBN
_bspa
_cAR-BaBN
_eaacr
_dRIC
082 _a301.4250 St7
100 _aStowe, Eugene
_924735
245 _aNovios cristianos
250 _a1 ed.
260 _aKansas City :
_bCasa Nazarena de Publicaciones,
_cn.f.
300 _a55 p
500 _aPuntos de vista de los Nazarenos
650 _anoviazgo
_97333
942 _cBK
999 _c20725
_d20725